Scottish planning (Record no. 74716)

MARC details
000 -LEADER
fixed length control field 01331cab a2200241 4500
001 - CONTROL NUMBER
control field ABS68663
008 - FIXED-LENGTH DATA ELEMENTS--GENERAL INFORMATION
fixed length control field 050113n2004 000 0 eng u
035 ## - SYSTEM CONTROL NUMBER
System control number (Sirsi) u128520
100 ## - MAIN ENTRY--PERSONAL NAME
Personal name Walker, B.
245 ## - TITLE STATEMENT
Title Scottish planning
260 ## - PUBLICATION, DISTRIBUTION, ETC.
Date of publication, distribution, etc. 2004
490 ## - SERIES STATEMENT
Series statement House Builder
Volume/sequential designation 63(11) December 2004, 33-35(2)
520 ## - SUMMARY, ETC.
Summary, etc. Covers in two articles aspects of Scottish planning and land use planning. In "Scots free" Bruce Walker suggests that the Scottish house building market has its own set of planning and land use challenges (some different to those in England, some similar) and argues for devising a Scottish form of planning reform. In "Lie of the land" Jim Ross reviews the findings of the Policy Institute paper "The planning famine - reforming land use planning in Scotland", which argues that major changes in the Scottish land use planning must be made to help meet current consumer needs. The paper can be viewed at www.policyinstitute.info/.
590 ## - LOCAL NOTE (RLIN)
Local note ABS
650 ## - SUBJECT ADDED ENTRY--TOPICAL TERM
Topical term or geographic name entry element SCOTLAND
650 ## - SUBJECT ADDED ENTRY--TOPICAL TERM
Topical term or geographic name entry element Land use
9 (RLIN) 6251
650 ## - SUBJECT ADDED ENTRY--TOPICAL TERM
Topical term or geographic name entry element HOUSE BUILDING
650 ## - SUBJECT ADDED ENTRY--TOPICAL TERM
Topical term or geographic name entry element REFORMS
690 ## - LOCAL SUBJECT ADDED ENTRY--TOPICAL TERM (OCLC, RLIN)
Topical term or geographic name as entry element ENVIRONMENTAL AND LAND CONSULTANCY-PLANNING AND DEVELOPMENT
700 ## - ADDED ENTRY--PERSONAL NAME
Personal name Ross, J.
856 ## - ELECTRONIC LOCATION AND ACCESS
Uniform Resource Identifier <a href="https://www.policyinstitute.info/ResPub.php">https://www.policyinstitute.info/ResPub.php</a>
Public note View the"Planning famine" paper on the Policy Institute website...
942 ## - ADDED ENTRY ELEMENTS (KOHA)
Suppress in OPAC 0
Holdings
Withdrawn status Lost status Source of classification or shelving scheme Damaged status Not for loan Home library Current library Shelving location Date acquired Total Checkouts Full call number Barcode Date last seen Copy number Price effective from Koha item type
    Dewey Decimal Classification     London London Journal article 13/01/2005   ABS68663 128520-1001 06/08/2019 1 06/08/2019 Journal article